Espiritualidad cristiana / (Record no. 59773)

MARC details
000 -LEADER
campo de control de longitud fija 00548nam a2200193 i 4500
001 - NÚMERO DE CONTROL
campo de control 59773
003 - IDENTIFICADOR DE NÚMERO DE CONTROL
campo de control ES-MaACL
005 - FECHA Y HORA DE LA ÚLTIMA TRANSACCIÓN
campo de control 20230906164109.0
007 - CAMPO FIJO DE DESCRIPCIÓN FÍSICA--INFORMACIÓN GENERAL
campo de control de longitud fija t|
008 - DATOS DE LONGITUD FIJA--INFORMACIÓN GENERAL
campo de control de longitud fija 031030s1962 sp ||||1| spa d
100 1# - ENTRADA PRINCIPAL--NOMBRE DE PERSONA
Nombre de persona Enrique y Tarancón, Vicente.
9 (RLIN) 47273
245 10 - MENCIÓN DEL TÍTULO
Título Espiritualidad cristiana /
Mención de responsabilidad, etc. Vicente E. Tarancón.
260 ## - PUBLICACIÓN, DISTRIBUCIÓN, ETC.
Lugar de publicación, distribución, etc. Madrid :
Nombre del editor, distribuidor, etc. Euroamérica,
Fecha de publicación, distribución, etc. [1962]
300 ## - DESCRIPCIÓN FÍSICA
Extensión 271 p. ;
Dimensiones 18 cm.
490 1# - MENCIÓN DE SERIE
Mención de serie Por un mundo mejor
830 0# - PUNTO DE ACCESO ADICIONAL DE SERIE-TÍTULO UNIFORME
Título uniforme Por un mundo mejor
9 (RLIN) 182683
852 ## - LOCALIZACIÓN
Ubicación ES-MaACL
Número de control de estantería C-23275
Sublocalización o colección R.51996
Holdings
Estatus retirado Estado de pérdida Estado de daño No para préstamo Biblioteca de origen Biblioteca actual Ubicación en estantería Fecha de adquisición Fuente de adquisición Total de préstamos Signatura topográfica completa Código de barras Visto por última vez Precio de reemplazo Tipo de ítem Koha
        Biblioteca del Ateneo de Madrid Biblioteca del Ateneo de Madrid Depósito 2 17/01/2008     C-23275 1062693 23/02/2023 23/02/2023 Libro impreso